El lado activo del infinito / (Record no. 11952)
[ view plain ]
| 000 -CABECERA | |
|---|---|
| campo de control de longitud fija | 00937nam a2200277 a 4500 |
| 001 - NÚMERO DE CONTROL | |
| campo de control | 000012295 |
| 005 - FECHA Y HORA DE LA ÚLTIMA TRANSACCIÓN | |
| campo de control | 20200929162801.0 |
| 008 - DATOS DE LONGITUD FIJA--INFORMACIÓN GENERAL | |
| campo de control de longitud fija | 091110s2000 sp 000 f spa d |
| 020 ## - NÚMERO INTERNACIONAL ESTÁNDAR DEL LIBRO | |
| Número Internacional Estándar del Libro | 8466300945 |
| 040 ## - FUENTE DE LA CATALOGACIÓN | |
| Centro catalogador/agencia de origen | DO-SdBNP |
| Lengua de catalogación | spa |
| Centro/agencia transcriptor | BNPHU |
| 041 17 - CÓDIGO DE LENGUA | |
| Código de lengua del texto/banda sonora o título independiente | spa |
| Código de lengua original | eng |
| Fuente del código | Código de idioma MARC |
| 082 ## - NÚMERO DE LA CLASIFICACIÓN DECIMAL DEWEY | |
| Número de clasificación | Pe863.44 |
| Número de documento/Ítem | C346L |
| 049 ## - FONDOS LOCALES (OCLC) | |
| Fondos de biblioteca | BNGR |
| 100 1# - ENTRADA PRINCIPAL--NOMBRE DE PERSONA | |
| Nombre de persona | Castañeda, Carlos, |
| Fechas asociadas al nombre | 19?5-1998. |
| 9 (RLIN) | 28954 |
| 240 14 - TÍTULO UNIFORME | |
| Título uniforme | The active side of infinity. |
| Lenguaje de la obra | Español |
| 245 13 - MENCIÓN DE TÍTULO | |
| Título | El lado activo del infinito / |
| Mención de responsabilidad, etc. | Carlos Castañeda ; traducción de Margarita Nieto. |
| 260 ## - PUBLICACIÓN, DISTRIBUCIÓN, ETC. | |
| Lugar de publicación, distribución, etc. | [España] : |
| Nombre del editor, distribuidor, etc. | Suma de Letras, |
| Fecha de publicación, distribución, etc. | 2000. |
| 300 ## - DESCRIPCIÓN FÍSICA | |
| Extensión | 379, [3] p. ; |
| Dimensiones | 19 cm. |
| 490 1# - MENCIÓN DE SERIE | |
| Mención de serie | Biblioteca de Bolsillo |
| 534 ## - NOTA SOBRE LA VERSIÓN ORIGINAL | |
| Frase introductoria | Título original en Inglés: |
| Mención de título del original | The active side of infinity |
| 650 #4 - PUNTO DE ACCESO ADICIONAL DE MATERIA--TÉRMINO DE MATERIA | |
| Término de materia o nombre geográfico como elemento de entrada | Novela peruana |
| 9 (RLIN) | 12569 |
| 650 #4 - PUNTO DE ACCESO ADICIONAL DE MATERIA--TÉRMINO DE MATERIA | |
| Término de materia o nombre geográfico como elemento de entrada | Literatura peruana |
| Subdivisión cronológica | SIGLO XX |
| 9 (RLIN) | 14789 |
| 700 1# - PUNTO DE ACCESO ADICIONAL--NOMBRE DE PERSONA | |
| Nombre de persona | Nieto, Margarita, |
| Término indicativo de función/relación | tr. |
| 9 (RLIN) | 28955 |
| 830 #0 - PUNTO DE ACCESO ADICIONAL DE SERIE-TÍTULO UNIFORME | |
| Título uniforme | Biblioteca de Bolsillo |
| 9 (RLIN) | 5816 |
| 910 ## - DATOS DE OPCIÓN DEL USUARIO (OCLC) | |
| Datos de opción del usuario | WM |
| Estado de retiro | Estado de pérdida | Restricciones de uso | No para préstamo | Código de colección | Localización permanente | Ubicación/localización actual | Ubicación en estantería | Fecha de adquisición | Número de inventario | Total de préstamos | Signatura topográfica completa | Código de barras | Fecha visto por última vez | Número de copia | Precio válido a partir de | Tipo de ítem Koha |
|---|---|---|---|---|---|---|---|---|---|---|---|---|---|---|---|---|
| Extraviado | Excluido de préstamo | Monografías: Libros y Folletos | General | General | Extraviado | 03.11.2011 | LF1 | Pe863.44 C346L | 12295-20 | 25.06.2020 | e. 2 | 25.06.2020 | No se presta | |||
| Préstamo interno | Monografías: Libros y Folletos | General | General | Depósito | 10.11.2009 | LF1 | Pe863.44 C346L | 12295-10 | 25.06.2020 | 25.06.2020 | Préstamo interno |
